Child Marriage in India/ (Record no. 202868)
[ view plain ]
| 000 -LEADER | |
|---|---|
| fixed length control field | 00637 a2200193 4500 |
| 005 - DATE AND TIME OF LATEST TRANSACTION | |
| control field | 20240516104948.0 |
| 010 ## - LCCN (DPL NO) | |
| LC control number | B-759033 |
| 020 ## - INTERNATIONAL STANDARD BOOK NUMBER | |
| International Standard Book Number | 8189161962 |
| Terms of availability | 750.00 |
| 035 ## - SYSTEM CONTROL NUMBER | |
| System control number | B-759033 |
| 037 ## - SOURCE OF ACQUISITION | |
| Source of stock number/acquisition | Gift/Unesco |
| 082 ## - DEWEY DECIMAL CLASSIFICATION NUMBER | |
| Classification number | 306.810954 |
| 100 ## - MAIN ENTRY--PERSONAL NAME | |
| Personal name | Yadav, K.P |
| 245 ## - TITLE STATEMENT | |
| Title | Child Marriage in India/ |
| Statement of responsibility, etc | K.P. Yadav |
| 260 ## - PUBLICATION, DISTRIBUTION, ETC. (IMPRINT) | |
| Place of publication, distribution, etc | New Delhi |
| Name of publisher, distributor, etc | Adhyayan Publishers & Distributors |
| Date of publication, distribution, etc | 2006 |
| 270 ## - ADDRESS | |
| Address | 4378/4B, 105 J.M.D House Murari Lal Street Ansari Road Darya Ganj |
| City | New Delhi |
| Postal code | 110002 |
| 300 ## - PHYSICAL DESCRIPTION | |
| Extent | 303 p. |
| Dimensions | 22cm (Hb) |
| 942 ## - ADDED ENTRY ELEMENTS (KOHA) | |
| Institution code [OBSOLETE] | dpl |
| Item type | English Books |
| Source of classification or shelving scheme | Dewey Decimal Classification |
| Classification part | 306.810954 |
| Call number suffix | YAD |
| Withdrawn status | Lost status | Not for loan | Collection code | Home library | Current library | Date acquired | Source of acquisition | Cost, normal purchase price | Full call number | Barcode | Copy number | Cost, replacement price | Koha item type | Public note |
|---|---|---|---|---|---|---|---|---|---|---|---|---|---|---|
| Non-fiction | Patel Nagar | Patel Nagar | 15/05/2024 | Gift/10.5.24 | 750.00 | 306.810954 YAD | B-759033 | 1 | 750.00 | English Books | Gift |
